قصة عقل / (Record no. 5572)

MARC details
000 -الفاتح
حقل البيانات ثابتة الطول 00526nac a22001691u 4500
008 - عناصر البيانات ثابتة الطول - معلومات عامة
حقل البيانات ثابتة الطول 100719s1988 ua|||||r|||| 000 0 ara d
020 ## - الرقم الدولى المعيارى للكتب
الرقم الدولى المعيارى للكتاب 9771482165
082 ## - رقم تصنيف ديوى العشرى
رقم التصنيف 189.962
رقم المادة م ح م
100 ## - المدخل الرئيسى - إسم شخصى
الإسم الشخصى محمود ، زكي نجيب
9 (RLIN) 8634
245 ## - بيان العنوان
العنوان قصة عقل /
بيان المسئوليه,etc زكي نجيب محمود
250 ## - بيان الطبعة
بيان الطبعة ط2
260 ## - PUBLICATION, DISTRIBUTION, ETC. (IMPRINT)
مكان الناشر او الموزع القاهرة :
اسم الناشر او الموزع دار الشروق،1988
تاريخ النشر أو التوزيع 1988
300 ## - الوصف المادى
التعداد 269 ص؛
أبعاد الوعاء 20 سم
511 ## -
-- Catalogued by: Sara
541 ## - تبصرة المصدر المباشر للتزويد
مصدر التزويد الف باء؛
طريقة التزويد شراء؛
942 ## - عناصر المدخل الإضافي( كوها)
Koha [default] item type Book - Borrowing
سابقة رقم الطلب 189.962م ح م
مصدر التصنيف او مخطط الترفيف Dewey Decimal Classification
Holdings
حالة التراجع حالة الفقد مصدر التصنيف او خطة الترفيف حالة تلف ليس للاعارة مجموعات كوها المكان الدائم المكان الحالي موقع الترفيف تاريخ الاكتساب Source of acquisition رقم الاستدعاء الباركود Date last seen مُعار نوع الوعاء
    Dewey Decimal Classification     Alef-Baa Central Library Central Library Lower Floor 27/02/2011   189.962 م ح م 000006938 15/07/2025 02/06/2025 Book - Borrowing